| 000 | 05741namaa22004451i 4500 | ||
|---|---|---|---|
| 003 | EG-GICUC | ||
| 005 | 20260122132628.0 | ||
| 008 | 260120s2025 ua a|||frm||| 000 0 eng d | ||
| 040 |
_aEG-GICUC _beng _cEG-GICUC _dEG-GICUC _erda |
||
| 041 | 0 |
_aeng _beng _bara |
|
| 049 | _aDeposit | ||
| 082 | 0 | 4 | _a617.7 |
| 092 |
_a617.7 _221 |
||
| 097 | _aPh.D | ||
| 099 | _aCai01.11.24.Ph.D.2025.Ma.C | ||
| 100 | 0 |
_aMahmoud Ahmed Abdelhafez, _epreparation. |
|
| 245 | 1 | 0 |
_aCombined vitrectomy & scleral buckle versus vitrectomy with heavy silicone oil tamponade in management of primary rhegmatogenous retinal detachment with inferior proliferative vitreoretinopathy / _cby Mahmoud Ahmed Abdelhafez ; Supervision Prof Dr. Nahla Borhan Abo-Heussin, Prof Dr. Mohamed Amin Zayed, Prof Dr.Mohamed Ahmed Attya. |
| 246 | 1 | 5 | _aازالة الجسم الزجاجي مع حزام الصلبة مقابل ازالة الجسم الزجاجي مع زيت السيليكون الثقيل في علاج انفصال الشبكية الاولي المصحوب باعتلال الجسم الزجاجي الشبكي التكاثري السفلي |
| 264 | 0 | _c2025. | |
| 300 |
_a95 pages : _billustrations ; _c25 cm. + _eCD. |
||
| 336 |
_atext _2rda content |
||
| 337 |
_aUnmediated _2rdamedia |
||
| 338 |
_avolume _2rdacarrier |
||
| 502 | _aThesis (Ph.D)-Cairo University, 2025. | ||
| 504 | _aBibliography: pages 74-95. | ||
| 520 | 3 | _aEyes showing minimal PVR with break(s) located anteriorly can be managed successfully using pneumatic retinopexy, vitrectomy or scleral buckle, while eyes showing break(s) located posteriorly or significant PVR require vitrectomy with gas or oil tamponade (3). Specific gravities of almost all internal tamponading factors are usually less than the balanced saline. Hence, gas or oil bubble floats at highest position and presses the retina providing superior retinal tamponade. On the other hand, this is not that effective on the inferior retina in order to be pressed down enough to reach the pigment epithelium layer failing to be a tamponade | |
| 520 | 3 | _aانفصال الشبكية الناجم عن التمزق يشمل سُمك التمزق الشبكي بالكامل مع تراكم الزجاجي السائل تحت الشبكية، مما يؤدي إلى فصلها. التليف الزجاجي الشبكي هو نوع من الاستجابة الشفائية لحدوث تمزق في الشبكية. تبدأ سلسلة التهابية داخل العين نتيجة لانهيار الحاجز الدموي الشبكي، مما يؤدي إلى تكاثر الخلايا وإعادة تشكيل المادة خارج الخلوية. العوامل الالتهابية والتليّفية (مثل عوامل النمو، السيتوكينات والخلايا) تتسرب إلى كل من السائل الشبكي وتجويف الجسم الزجاجي، مسببة تليفًا فوق الشبكية وداخلها وتحته، مما يؤدي إلى اعتلال الجسم الزجاجي الشبكي التكاثري وانفصال شبكي متكرر. هدف الدراسة: قارنت الدراسة الحالية بين ازالة الجسم الزجاجي مع حزام الصلبة مقابل ازالة الجسم الزجاجي مع زيت السيليكون الثقيل في علاج انفصال الشبكية الاولي المصحوب باعتلال الجسم الزجاجي الشبكي التكاثري السفلي من حيث النجاح الاولى بعودة الشبكية الي مكانها والنجاح الثانوي بتحسن حدة الابصار. المرضى والوسائل: أُجريت دراسة مقارنة عشوائية على ثلاث وثلاثين عينًا لثلاثة وثلاثين مريضًا يعانون من باعتلال الجسم الزجاجي الشبكي التكاثري من الدرجة الثالثة في الجزء السفلي، المصاحب لانفصال الشبكية الأولي. تم علاج ست عشرة عينًا باستئصال الجسم الزجاجي مع زيت السيليكون الثقيل، وتم تصنيفهم كمجموعة الزيت الثقيل؛ وسبع عشرة عينًا خضعت للجراحة المشتركة بين استئصال الجسم الزجاجي مع حزام الصلبة ، وتم تصنيفهم كمجموعة تثبيت الصلبة مع استئصال الزجاجية. مقومات الدراسه تشمل: هدفنا كان تحقيق إعادة الالتصاق التشريحي للشبكية في غياب الحشو داخل العين. تم إزالة زيت السيليكون بعد 8 أسابيع في كلا المجموعتين. تم تقييم جميع المرضى من حيث أفضل حدة بصر مصحح وضغط العين في نهاية الأسبوع الأول والشهر الأول والثاني في العيون المملوءة بالزيت؛ وكذلك في نهاية الشهر الأول والثالث بعد إزالة زيت السيلسكون. | |
| 530 | _aIssues also as CD. | ||
| 546 | _aText in English and abstract in Arabic & English. | ||
| 650 | 0 | _aOphthalmology | |
| 650 | 0 | _aطب وجراحة العيون | |
| 653 | 1 |
_aminimal PVR _avitrectomy _atamponading |
|
| 700 | 0 |
_aNahla Borhan Abo-Heussin _ethesis advisor. |
|
| 700 | 0 |
_aMohamed Amin Zayed _ethesis advisor. |
|
| 700 | 0 |
_aMohamed Ahmed Attya _ethesis advisor. |
|
| 900 |
_b01-01-2025 _cNahla Borhan Abo-Heussin _cMohamed Amin Zayed _cMohamed Ahmed Attya _UCairo University _FFaculty of Medicine _DDepartment of Ophthalmology |
||
| 905 |
_aShimaa _eEman Ghareb |
||
| 942 |
_2ddc _cTH _e21 _n0 |
||
| 999 | _c177892 | ||